| 000 | 00399cam a2200181ua 4500 | ||
|---|---|---|---|
| 001 | 3694 | ||
| 005 | 20260515113721.0 | ||
| 008 | 111222n ii |||gr||||Z||||||eng | ||
| 040 | _cMAIN | ||
| 082 | _a001 | ||
| 245 | 1 | 1 |
_aCurrent informa _cby |
| 250 | _a1st. | ||
| 260 |
_a[s.l]: _bNew light publishers. |
||
| 300 |
_a60p: _c23cm. |
||
| 653 | _aKnowledge | ||
| 653 | _aCurrent informa | ||
| 942 | _cBK | ||
| 999 |
_c3520 _d3520 |
||